Pays dont les habitants dorment le plus - Statistiques

Statistiques générales
  • Ce quiz a été pris 41 fois
  • Le résultat moyen est 3 sur 7
Statistiques - réponses
Hint Réponse % Correct
9h01 Chine
72%
8h48 Inde
67%
8h01 Finlande
50%
7h59 Portugal
36%
9h03 Afrique du sud
28%
8h11 Estonie
28%
8h10 Albanie
14%
Aucun quiz correspondant
Distribution des résultats
% des personnes avec chaque résultat
Percentile par nombre de réponses
Votre historique - résultats
Vous n’avez pas pris ce quiz